Tener un patito es útil / (Registro nro. 3297)
[ vista simple ]
| 000 -CABECERA | |
|---|---|
| Longitud fija campo de control | 00789nam a2200253 a 4500 |
| 003 - • IDENTIFICADOR DELl NÚMERO DE CONTROL | |
| Identificador del número de control | CO-ViMGA |
| 005 - • FECHA Y HORA DE LA ÚLTIMA TRANSACCIÓN | |
| Fecha y hora de la última transacción | 20230915232040.0 |
| 008 - • CÓDIGOS DE INFORMACIÓN DE LONGITUD FIJA | |
| Códigos de información de longitud fija | 141112s2004 ck r 000 u spa d |
| 020 ## - • NÚMERO INTERNACIONAL NORMALIZADO PARA LIBROS | |
| Número Internacional Normalizado para Libros (ISBN) | 9789681672850 |
| 040 ## - FUENTE DE LA CATALOGACIÓN | |
| Centro catalogador de origen | CO-ViMGA |
| Lengua de catalogación | spa |
| Centro transcriptor | CO-ViMGA |
| 041 ## - • CÓDIGO DE LENGUA | |
| Código de lengua del texto/banda sonora o título independiente | spa |
| 043 ## - CÓDIGO DE ÁREA GEOGRÁFICA | |
| Código de área geográfica | s - ag - - - |
| 100 1# - • PUNTO DE ACCESO PRINCIPAL-NOMBRE DE PERSONA | |
| Nombre de persona | Isol. |
| 245 10 - • TITULO PROPIAMENTE DICHO | |
| Título | Tener un patito es útil / |
| Mención de responsabilidad, etc. | Isol. |
| 300 ## - • DESCRIPCIÓN FÍSICA | |
| Extensión | [14], [14] p. : il. ; 16 cm. |
| 490 ## - • MENCIÓN DE SERIE | |
| Mención de serie | Los especiales de a la orilla del viento |
| 501 ## - • NOTA DE "CON" | |
| Nota de "Con" | Con : Tener un nene es útil. |
| 650 14 - • PUNTO DE ACCESO ADICIONAL DE MATERIA - TÉRMINO DE MATERIA | |
| Término de materia o nombre geográfico como elemento inicial | Cuentos infantiles argentinos. |
| 942 ## - ENTRADA DE ELEMENTOS AGREGADOS (KOHA) | |
| Fuente de clasificaión o esquema | Dewey Decimal Classification |
| Koha [por defecto] tipo de item | LIbro |
| Perdido | Fuente de clasificación o esquema | Estado Físico | No para préstamo | Forma de adquisición | Localización permanente | Localización actual | Fecha adquisición | Serie de enumeración / cronolog&íacute;a | Préstamos totales | Signatura completa | Código de barras | Fecha última consulta | Fecha último préstamo | Número de copia | Fecha del precio de reemplazo | Tipo de item de Koha | Localización en estanterías | Note pública |
|---|---|---|---|---|---|---|---|---|---|---|---|---|---|---|---|---|---|---|
| Colección Sala Infantil de Literatura Pocatil y Tilín | Biblioteca Pública Departamental Eduardo Carranza - Villavicencio | Biblioteca Pública Departamental Eduardo Carranza - Villavicencio | 02/13/2015 | C ISO1 | ECA19909 | 11/26/2024 | Ej.1 | 11/26/2024 | LIbro | Sala Infantil | 17827 | 22828 | |||||||
| Dewey Decimal Classification | Damaged | Sala Infantil Segundo Piso | Biblioteca Pública Germán Arciniegas - Villavicencio | Biblioteca Pública Germán Arciniegas - Villavicencio | 12/04/2015 | 06/jun/2013 | 2 | ISOt | 25977 | 04/27/2019 | 02/28/2019 | Ej. 1 | 12/04/2015 | LIbro | ||||
| Dewey Decimal Classification | Sala Infantil Segundo Piso | Biblioteca Pública Germán Arciniegas - Villavicencio | Biblioteca Pública Germán Arciniegas - Villavicencio | 12/04/2015 | 06/jun/2013 | 1 | ISOt | 25978 | 09/22/2017 | 09/20/2017 | Ej. 2 | 12/04/2015 | LIbro |